Ojukwu : the last patriot with full text of the historic ‘Ahiara declaration’ and tributes to the great African legend

Saved in:
Bibliographic Details
Main Author: OBIENYEM, Val
Format: Book
Language:English
Published: Wisdom Publishers 2012
Tags: Add Tag
No Tags, Be the first to tag this record!

MARC

LEADER 00000nam a22000007a 4500
008 201221b ||||| |||| 00| 0 eng d
020 |a 978-2823-30-9 
100 |a OBIENYEM, Val. 
245 |a Ojukwu  |b : the last patriot with full text of the historic ‘Ahiara declaration’ and tributes to the great African legend  |c Val Obienyem  |g xvi, 424p. 
250 |b 2nd ed. 
260 |b Wisdom Publishers  |c 2012  |h Ibadan  |i 676269  |l DT515.85 .Ob3  |m Ojukwu Chukwuemeka Odumegwu, 1933 - 2011.   |m Military governors – Nigeria – Biography.  |m Igbo (African people) – History – 20th century.  |m Nigeria – History – 1960.  |m Nigeria – History – Civil war, 1967 - 1970 
500 |a It includes index 
942 |a lcc  |c BK  |e Kuteyi, M. A.  |f 21/12/2020 
952 |0 0  |1 0  |2 lcc  |4 0  |6 DT051585 O B3  |7 0  |9 1073  |a HOL  |b HOL  |c AF  |d 2020-12-21  |l 0  |o DT515.85 .Ob3  |p 2020-230288  |r 2020-12-21 00:00:00  |w 2020-12-21  |y BK 
999 |c 554  |d 554